UK Sceneries & Landmarks - Statistics

General Stats
  • This quiz has been taken 9 times
  • The average score is 9 of 16
Answer Stats
Picture Answer % Correct
Buckingham Palace
100%
Elizabeth Tower
100%
Tower Bridge
100%
Stonehenge
89%
St Paul's Cathedral
89%
The White Cliffs of Dover
89%
Edinburgh Castle
78%
Giant's Causeway
78%
Durdle Door
56%
Loch Ness
56%
Saint Michael's Mount
44%
Snowdonia
33%
Wells Cathedral
22%
Green Bridge of Wales
0%
Suilven
0%
The Storr
0%
No matching quizzes found
Score Distribution
Percent of People with Each Score
Percentile by Number Answered
Your Score History
You have not taken this quiz